Anatomy teaching diary for undergraduates students (Record no. 24492)

MARC details
000 -LEADER
fixed length control field 00423nam a22001577a 4500
003 - CONTROL NUMBER IDENTIFIER
control field SGT
020 ## - INTERNATIONAL STANDARD BOOK NUMBER
International Standard Book Number 9789392787508
082 ## - DEWEY DECIMAL CLASSIFICATION NUMBER
Classification number 611
Item number A22A
100 ## - MAIN ENTRY--PERSONAL NAME
Personal name Aneja, Prachi Saffar
245 ## - TITLE STATEMENT
Title Anatomy teaching diary for undergraduates students
260 ## - PUBLICATION, DISTRIBUTION, ETC. (IMPRINT)
Place of publication, distribution, etc New Delhi, India
Name of publisher, distributor, etc Selective & Scientific Books Publishers & Distributers
Year of Publication 2022
300 ## - PAGE DESCRIPTION
No. of Pages 94
650 ## - SUBJECT ADDED ENTRY--TOPICAL TERM
Topical term or geographic name as entry element Anatomy
700 ## - ADDED ENTRY--PERSONAL NAME
Personal name Saha, Susmita
942 ## - ADDED ENTRY ELEMENTS (KOHA)
Source of classification or shelving scheme Dewey Decimal Classification
Koha item type Books
Holdings
Withdrawn status Lost status Source of classification or shelving scheme Damaged status Use restrictions Not for loan Home library Current library Shelving location Date acquired SGTU Total Checkouts Full call number Accession No. (Barcode) Date last seen Bill Date Koha item type
    Dewey Decimal Classification   Restricted Access Not For Loan SGT Dental Library SGT Dental Library Reference Book 29/07/2023 SGTU   611 A22A FD9006 29/07/2023 29/07/2023 Books